Work adjustment and job satisfaction in nursing profession/ (Record no. 6331)

MARC details
000 -LEADER
fixed length control field 00975nam a2200337 a 4500
001 - CONTROL NUMBER
control field vtls000002827
003 - CONTROL NUMBER IDENTIFIER
control field NLI
005 - DATE AND TIME OF LATEST TRANSACTION
control field 20210601180208.0
008 - FIXED-LENGTH DATA ELEMENTS--GENERAL INFORMATION
fixed length control field 101125s1990 ii 000 0 eng
039 #9 - LEVEL OF BIBLIOGRAPHIC CONTROL AND CODING DETAIL [OBSOLETE]
-- 201011250009
-- VLOAD
040 0# - CATALOGING SOURCE
Original cataloging agency NLI
Language of cataloging eng
Transcribing agency VERGIS-2003
041 0# - LANGUAGE CODE
Language code of text/sound track or separate title eng
044 ## - COUNTRY OF PUBLISHING/PRODUCING ENTITY CODE
MARC country code ii
082 04 - DEWEY DECIMAL CLASSIFICATION NUMBER
Classification number 610.73069
100 1# - MAIN ENTRY--PERSONAL NAME
Personal name Nagarathnamma, B.
9 (RLIN) 11378
245 10 - TITLE STATEMENT
Title Work adjustment and job satisfaction in nursing profession/
Statement of responsibility, etc. B. Nagarathnamma
260 ## - PUBLICATION, DISTRIBUTION, ETC.
Place of publication, distribution, etc. Tirupati:
Name of publisher, distributor, etc. Sri Venkateswara University,
Date of publication, distribution, etc. 1990
300 ## - PHYSICAL DESCRIPTION
Extent 117 p.;
Dimensions 22 cm.
650 #0 - SUBJECT ADDED ENTRY--TOPICAL TERM
Topical term or geographic name entry element Nurses
General subdivision Job satisfaction
9 (RLIN) 11379
650 #0 - SUBJECT ADDED ENTRY--TOPICAL TERM
Topical term or geographic name entry element Nursing ethics
9 (RLIN) 11380
650 #0 - SUBJECT ADDED ENTRY--TOPICAL TERM
Topical term or geographic name entry element Nursing
General subdivision Studdy and teaching
9 (RLIN) 11381
887 ## - NON-MARC INFORMATION FIELD
Content of non-MARC field Kannaki
901 ## - LOCAL DATA ELEMENT A, LDA (RLIN)
a DB 59653
b 11/07/1991
902 ## - LOCAL DATA ELEMENT B, LDB (RLIN)
a E 610.73069 N 131
903 ## - LOCAL DATA ELEMENT C, LDC (RLIN)
a 12/02/2004
904 ## - LOCAL DATA ELEMENT D, LDD (RLIN)
a Kannaki
906 ## - LOCAL DATA ELEMENT F, LDF (RLIN)
a 000553
949 ## - LOCAL PROCESSING INFORMATION (OCLC)
-- VIRTUAITEM
-- 10000
-- 1
-- 100
6 DBA000059653ENG
a E 610.73069 N131
942 ## - ADDED ENTRY ELEMENTS (KOHA)
Source of classification or shelving scheme Dewey Decimal Classification
Koha item type Books
Holdings
Withdrawn status Lost status Damaged status Not for loan Collection code Home library Current library Shelving location Date acquired Total Checkouts Full call number Barcode Date last seen Price effective from Koha item type
        New English National Library of India National Library of India New English - Main Stack Division     E 610.73069 N 131 DBA000059653ENG 01/06/2021 01/06/2021 Books
                                                                           
web counter

Copyright ©2020 The National Library of India, Govt. of India ↔ Hosted by NVLI, MOC ↔ Technology and Design by National Library of India, Ministry of Culture, Govt. of India